[Event "Swiss Queens Wed #13"]
[Site "FIDE Online Arena INT"]
[Date "2024.04.24"]
[Round "4"]
[White "Arabidze, Meri"]
[Black "Agrest, Inna"]
[Result "0-1"]
[WhiteElo "2457"]
[BlackElo "2221"]
[PlyCount "164"]
[EventDate "2024.04.24"]
[EventType "swiss (blitz)"]
[EventRounds "11"]
[EventCountry "NET"]
[SourceTitle "CB18_2024"]
[SourceDate "2024.05.01"]
[SourceVersion "1"]
[SourceVersionDate "2024.05.01"]
[SourceQuality "2"]

1. Nf3 Nf6 2. b3 g6 3. Bb2 Bg7 4. g3 0-0 5. Bg2 d6 6. d4 a5 7. a3 Nbd7 8. 0-0 a4 9. b4 Nb6 10. Nbd2 d5 11. Ne5 c6 12. c4 dxc4 13. Ndxc4 Nxc4 14. Nxc4 Be6 15. Qc2 Nd5 16. Rac1 Nb6 17. Na5 Rb8 18. e3 Qd7 19. Rfe1 Rfd8 20. h4 Bh3 21. Bh1 Qg4 22. Qe2 Qe6 23. Bf3 h5 24. Rc5 Bg4 25. Bxg4 hxg4 26. Rg5 Rd5 27. Rxg4 Nd7 28. e4 Rh5 29. Rg5 Nf6 30. Rxh5 Nxh5 31. Nc4 Rd8 32. Rd1 Nf6 33. Ne5 Nd7 34. Nf3 Nb6 35. Bc1 Qc4 36. Qe3 Qb3 37. Kg2 Qxd1 38. d5 Nc4 39. Qg5 Bf6 40. Qh6 cxd5 41. h5 dxe4 42. hxg6 Qxf3+ 43. Kh2 Qxf2+ 44. Kh3 Qf5+ 45. g4 Qxg6 46. Qf4 Rd3+ 47. Kg2 Rf3 48. Qb8+ Kg7 49. g5 Qxg5+ 50. Bxg5 Bxg5 51. Qxb7 Ne3+ 52. Kg1 Rg3+ 53. Kf2 Rg2+ 54. Ke1 Nc2+ 55. Kd1 Rd2+ 56. Kc1 Nd4 57. Kb1 Nb3 58. Qxe4 Rd1+ 59. Kc2 Rd2+ 60. Kc3 Bf6+ 61. Kc4 Rd4+ 62. Qxd4 Bxd4 63. b5 f5 64. Kb4 f4 65. Kxa4 Nc5+ 66. Kb4 Nd7 67. Kc4 Bb6 68. a4 f3 69. Kd3 Kf6 70. a5 Bxa5 71. Ke3 Ke5 72. Kxf3 Kd4 73. Kf4 e5+ 74. Kf3 e4+ 75. Ke2 Nb6 76. Kf2 Nd5 77. Ke2 Nf4+ 78. Kf2 e3+ 79. Kf3 Nd5 80. Ke2 Nc3+ 81. Kf3 Kd3 82. b6 Bxb6 0-1

[Event "Swiss Queens Wed #13"]
[Site "FIDE Online Arena INT"]
[Date "2024.04.24"]
[Round "2"]
[White "Arabidze, Meri"]
[Black "Gomez Barrera, Javiera Belen"]
[Result "1-0"]
[WhiteElo "2457"]
[BlackElo "2209"]
[PlyCount "77"]
[EventDate "2024.04.24"]
[EventType "swiss (blitz)"]
[EventRounds "11"]
[EventCountry "NET"]
[SourceTitle "CB18_2024"]
[SourceDate "2024.05.01"]
[SourceVersion "1"]
[SourceVersionDate "2024.05.01"]
[SourceQuality "2"]

1. d4 Nf6 2. c4 g6 3. Nf3 Bg7 4. g3 d6 5. Bg2 0-0 6. 0-0 Nc6 7. Nc3 e5 8. dxe5 Nxe5 9. Nxe5 dxe5 10. Bg5 Qxd1 11. Rfxd1 h6 12. Be3 c6 13. Rac1 Be6 14. Na4 Rfd8 15. b3 Ng4 16. Rxd8+ Rxd8 17. Bxa7 Rd2 18. Nc3 f5 19. h3 Nf6 20. Be3 Rb2 21. Rd1 Rc2 22. Rc1 Rb2 23. Bf1 Nd7 24. h4 e4 25. Bf4 Kh7 26. e3 Bf6 27. Bd6 Ne5 28. Na4 Rxa2 29. Nc5 Bc8 30. Bxe5 Bxe5 31. Rd1 Bc7 32. h5 b6 33. hxg6+ Kxg6 34. Nd7 Kf7 35. c5 Ke7 36. Nxb6 Bd8 37. Nxc8+ Ke8 38. Nd6+ Kf8 39. Nxf5 1-0

[Event "Swiss Queens Wed #13"]
[Site "FIDE Online Arena INT"]
[Date "2024.04.24"]
[Round "7"]
[White "Shuvalova, Polina"]
[Black "Arabidze, Meri"]
[Result "0-1"]
[WhiteElo "2439"]
[BlackElo "2457"]
[PlyCount "78"]
[EventDate "2024.04.24"]
[EventType "swiss (blitz)"]
[EventRounds "11"]
[EventCountry "NET"]
[SourceTitle "CB18_2024"]
[SourceDate "2024.05.01"]
[SourceVersion "1"]
[SourceVersionDate "2024.05.01"]
[SourceQuality "2"]

1. e4 c5 2. Nf3 e6 3. c3 Nf6 4. e5 Nd5 5. d4 cxd4 6. cxd4 b6 7. h4 Bb4+ 8. Bd2 0-0 9. h5 h6 10. Nc3 Bb7 11. Bd3 f5 12. Nb5 Be7 13. Rc1 Nc6 14. Bc4 Na5 15. Bxd5 Bxd5 16. Nc7 Bxf3 17. Qxf3 Rc8 18. Nb5 Rxc1+ 19. Bxc1 Bb4+ 20. Bd2 Bxd2+ 21. Kxd2 Qg5+ 22. Kd3 Nc6 23. a3 a6 24. Nd6 b5 25. g3 Qd8 26. Rc1 Qb6 27. Qf4 b4 28. a4 b3 29. Rc4 Nb4+ 30. Ke2 Nd5 31. Qf3 a5 32. Qd3 f4 33. Rc5 Qb4 34. Qc4 f3+ 35. Kf1 Qd2 36. Qc1 Qxd4 37. Kg1 Qxe5 38. Nc8 Qxh5 39. Rxd5 exd5 0-1

[Event "Titled Tuesday intern op 23rd Apr Late"]
[Site "Chess.com INT"]
[Date "2024.04.23"]
[Round "5"]
[White "Arabidze, Meri"]
[Black "Ibarra Jerez, Jose Carlos"]
[Result "0-1"]
[WhiteElo "2457"]
[BlackElo "2559"]
[PlyCount "68"]
[EventDate "2024.04.23"]
[EventType "swiss (blitz)"]
[EventRounds "11"]
[EventCountry "USA"]
[SourceTitle "CB18_2024"]
[SourceDate "2024.05.01"]
[SourceVersion "1"]
[SourceVersionDate "2024.05.01"]
[SourceQuality "2"]

1. c4 e5 2. Nc3 Nf6 3. g3 c6 4. d4 exd4 5. Qxd4 Na6 6. Bg2 Bc5 7. Qd1 0-0 8. Nf3 d5 9. cxd5 cxd5 10. 0-0 h6 11. b3 Re8 12. Bb2 Bg4 13. Na4 Bf8 14. h3 Bd7 15. e3 Nb4 16. Bd4 Ne4 17. Ne5 Bxa4 18. bxa4 Rc8 19. Rb1 b6 20. a5 bxa5 21. Nd3 Nxa2 22. Rb7 Nac3 23. Qg4 Rc7 24. Rxc7 Qxc7 25. Nf4 Qc8 26. Qh5 Qa6 27. Nxd5 g6 28. Qh4 g5 29. Qg4 Nxd5 30. Bxe4 Nf6 31. Bxf6 Qxf6 32. Rd1 a4 33. Bd5 a3 34. Rd4 Rd8 0-1

[Event "Titled Tuesday intern op 23rd Apr Late"]
[Site "Chess.com INT"]
[Date "2024.04.23"]
[Round "4"]
[White "Jegorovas, Aleksandras"]
[Black "Arabidze, Meri"]
[Result "0-1"]
[WhiteElo "2270"]
[BlackElo "2457"]
[PlyCount "160"]
[EventDate "2024.04.23"]
[EventType "swiss (blitz)"]
[EventRounds "11"]
[EventCountry "USA"]
[SourceTitle "CB18_2024"]
[SourceDate "2024.05.01"]
[SourceVersion "1"]
[SourceVersionDate "2024.05.01"]
[SourceQuality "2"]

1. d4 Nf6 2. Bf4 d5 3. e3 e6 4. Nd2 c5 5. Ngf3 Nc6 6. c3 Bd6 7. Bg3 0-0 8. Bb5 a6 9. Bd3 b5 10. Ne5 Bb7 11. f4 Ne7 12. Bh4 Ne4 13. Qf3 f6 14. Ng4 Nf5 15. Bg3 Nxd2 16. Kxd2 b4 17. Bxf5 exf5 18. Nf2 bxc3+ 19. bxc3 cxd4 20. exd4 Qa5 21. Qd3 Rac8 22. Rhc1 Rc4 23. Qxf5 Rxd4+ 24. Ke2 Re8+ 25. Kf1 Rd2 26. Re1 Qb5+ 27. Kg1 Bc8 28. Qb1 Bd7 29. Rxe8+ Bxe8 30. Qxb5 Bxb5 31. f5 Bc5 32. a4 Bc4 33. h4 h5 34. Re1 Kh7 35. Re6 Rc2 36. Rc6 Be3 37. Re6 Ba7 38. Re7 Bc5 39. Rc7 Be3 40. Re7 Rxc3 41. Kh2 Bc5 42. Rc7 Bb6 43. Rb7 Bd4 44. Nh3 Rc2 45. Nf4 Bf1 46. Rb8 Be5 47. Rd8 Bxf4 48. Bxf4 Bxg2 49. Kg3 Be4 50. Rd7 Rc3+ 51. Kh2 Rc2+ 52. Kg3 Rg2+ 53. Kh3 Rg4 54. Bd6 Bxf5 55. Rc7 Rxa4+ 56. Kh2 Rxh4+ 57. Kg3 Rc4 58. Ra7 Rg4+ 59. Kf3 Ra4 60. Bf8 Rg4 61. Rxa6 d4 62. Ra7 d3 63. Ke3 h4 64. Ra5 Kg6 65. Bxg7 Kxg7 66. Rxf5 Rg3+ 67. Kf2 Kg6 68. Ra5 f5 69. Ra6+ Kg5 70. Ra8 Kf4 71. Ra4+ Kg5 72. Ra8 d2 73. Ke2 Rg2+ 74. Kd1 h3 75. Rg8+ Kf4 76. Rh8 Kg3 77. Rg8+ Kf3 78. Rh8 h2 79. Kc2 d1Q+ 80. Kxd1 Rg1+ 0-1

[Event "Titled Tuesday intern op 16th Apr Early"]
[Site "Chess.com INT"]
[Date "2024.04.16"]
[Round "9"]
[White "Arabidze, Meri"]
[Black "Khamdamova, Afruza"]
[Result "0-1"]
[WhiteElo "2457"]
[BlackElo "2300"]
[PlyCount "90"]
[EventDate "2024.04.16"]
[EventType "swiss (blitz)"]
[EventRounds "11"]
[EventCountry "USA"]
[SourceTitle "CB17_2024"]
[SourceDate "2024.04.24"]
[SourceVersion "1"]
[SourceVersionDate "2024.04.24"]
[SourceQuality "1"]

1. Nf3 d5 2. b3 Nf6 3. Bb2 e6 4. g3 c5 5. Bg2 Nc6 6. 0-0 Be7 7. c4 d4 8. e3 e5 9. d3 0-0 10. e4 a6 11. a3 Be6 12. Nbd2 h6 13. Nh4 Qd7 14. Qe1 Rae8 15. f4 exf4 16. gxf4 Qc7 17. h3 Bc8 18. e5 Nh5 19. Ne4 Qd8 20. Qd1 g6 21. Nf3 Nxf4 22. Bc1 Nxg2 23. Kxg2 Kg7 24. Bf4 Qd7 25. Rh1 Qf5 26. Qd2 g5 27. Bg3 Qg6 28. Raf1 Bf5 29. Nf6 Bxf6 30. exf6+ Qxf6 31. h4 Re3 32. hxg5 hxg5 33. Rh5 Rfe8 34. Rxg5+ Bg6 35. Rf2 Rxf3 36. Rxf3 Qe6 37. Bf4 Ne7 38. Rgg3 Nf5 39. Rg5 Nh4+ 40. Kg3 Nxf3 41. Kxf3 Qh3+ 42. Rg3 Qf1+ 43. Kg4 Rh8 44. Be5+ f6 45. Bf4 Rh5 0-1

[Event "Titled Tuesday intern op 16th Apr Late"]
[Site "Chess.com INT"]
[Date "2024.04.16"]
[Round "8"]
[White "Arabidze, Meri"]
[Black "Kubicka, Anna"]
[Result "1-0"]
[WhiteElo "2457"]
[BlackElo "2292"]
[PlyCount "117"]
[EventDate "2024.04.16"]
[EventType "swiss (blitz)"]
[EventRounds "11"]
[EventCountry "USA"]
[SourceTitle "CB17_2024"]
[SourceDate "2024.04.24"]
[SourceVersion "1"]
[SourceVersionDate "2024.04.24"]
[SourceQuality "1"]

1. d4 g6 2. g3 Bg7 3. Bg2 d6 4. Nf3 Nf6 5. 0-0 0-0 6. a4 c5 7. dxc5 dxc5 8. Qxd8 Rxd8 9. a5 a6 10. Nc3 Nc6 11. Na4 Nd7 12. Bd2 Nd4 13. Nxd4 cxd4 14. Bb4 e5 15. c3 Nf6 16. Nb6 Rb8 17. Be7 Bg4 18. Bxd8 Rxd8 19. Rfe1 Nd7 20. Bxb7 Nxb6 21. axb6 Rb8 22. Bxa6 Rxb6 23. cxd4 exd4 24. Reb1 Bh6 25. Bd3 Bd2 26. Ra6 Rb4 27. b3 Bc3 28. Bc4 Bf5 29. Rc1 Rb7 30. Kg2 Bb2 31. Rd1 Bc3 32. Ra2 Kg7 33. f3 h5 34. h3 Re7 35. g4 hxg4 36. hxg4 Bc8 37. Kf2 Be6 38. Bxe6 Rxe6 39. Rb1 Rb6 40. Ra4 Bb4 41. Ra8 Kf6 42. Rc8 Bd2 43. Rc4 Be3+ 44. Kg2 Rb8 45. b4 Rh8 46. b5 Kg5 47. b6 Bf4 48. Rh1 Rb8 49. Rc5+ Kf6 50. Rb5 Kg7 51. b7 Bc7 52. Rc1 Bf4 53. Rc8 f5 54. Rxb8 Bxb8 55. gxf5 gxf5 56. Rxf5 Bc7 57. Rc5 Bf4 58. Rc8 Kg6 59. b8Q 1-0

[Event "Titled Tuesday intern op 16th Apr Early"]
[Site "Chess.com INT"]
[Date "2024.04.16"]
[Round "7"]
[White "Arabidze, Meri"]
[Black "Nasir, Zehn"]
[Result "1/2-1/2"]
[WhiteElo "2457"]
[BlackElo "2057"]
[PlyCount "136"]
[EventDate "2024.04.16"]
[EventType "swiss (blitz)"]
[EventRounds "11"]
[EventCountry "USA"]
[SourceTitle "CB17_2024"]
[SourceDate "2024.04.24"]
[SourceVersion "1"]
[SourceVersionDate "2024.04.24"]
[SourceQuality "1"]

1. Nf3 f5 2. g3 Nf6 3. Bg2 e6 4. 0-0 Be7 5. d3 0-0 6. Nbd2 d6 7. e4 e5 8. exf5 Bxf5 9. d4 e4 10. Nh4 Bg4 11. f3 exf3 12. Nhxf3 Nc6 13. c3 Qd7 14. Qb3+ Kh8 15. Ng5 d5 16. h3 Be2 17. Re1 Bd3 18. Ne6 Rfe8 19. Nf4 Bf5 20. g4 Bd6 21. Rf1 Bxg4 22. hxg4 Qxg4 23. Nh3 Qg3 24. Nf3 Re2 25. Rf2 Rxf2 26. Nxf2 Ne4 27. Be3 Rf8 28. Nh1 Qg4 29. Rf1 h6 30. Qxd5 Nf6 31. Qb3 b6 32. Qc2 Ne4 33. Nh2 Bxh2+ 34. Kxh2 Rxf1 35. Bxf1 Ne7 36. Bg2 Nf6 37. Kg1 Nf5 38. Bf2 h5 39. Qd2 h4 40. Qd3 Nh5 41. Qh3 Qg5 42. Kh2 Nf4 43. Qf3 g6 44. Be3 Nxe3 45. Bh3 Nxh3 46. Qxh3 Nf5 47. Nf2 Qf4+ 48. Kg1 Kg7 49. Kg2 Qg5+ 50. Kf1 Ng3+ 51. Kg1 Qc1+ 52. Kg2 Qf1+ 53. Kf3 Qxh3 54. Nxh3 Kf6 55. Kf4 Nh5+ 56. Kg4 Ng7 57. Nf4 Nf5 58. Nd5+ Kg7 59. Nxc7 Ne3+ 60. Kxh4 Nd1 61. b3 Nxc3 62. a4 Ne2 63. Nb5 Kf6 64. Nxa7 Nxd4 65. Nc8 Ke5 66. Kg5 Nxb3 67. Nxb6 Nc5 68. Kxg6 Nxa4 1/2-1/2

[Event "Titled Tuesday intern op 16th Apr Early"]
[Site "Chess.com INT"]
[Date "2024.04.16"]
[Round "4"]
[White "Ibarra Jerez, Jose Carlos"]
[Black "Arabidze, Meri"]
[Result "0-1"]
[WhiteElo "2559"]
[BlackElo "2457"]
[PlyCount "98"]
[EventDate "2024.04.16"]
[EventType "swiss (blitz)"]
[EventRounds "11"]
[EventCountry "USA"]
[SourceTitle "CB17_2024"]
[SourceDate "2024.04.24"]
[SourceVersion "1"]
[SourceVersionDate "2024.04.24"]
[SourceQuality "1"]

1. e4 c5 2. Nf3 e6 3. d3 Nc6 4. Qe2 d6 5. g3 Nf6 6. Bg2 Be7 7. 0-0 0-0 8. c3 e5 9. Rd1 Bg4 10. Nbd2 Re8 11. h3 Bh5 12. Nc4 Bf8 13. g4 Bg6 14. Bg5 h6 15. Bh4 Be7 16. Ne3 Nh7 17. Bg3 Bg5 18. h4 Bxe3 19. Qxe3 f6 20. Nd2 Qd7 21. Qe2 Nf8 22. Bh3 Bf7 23. Nc4 d5 24. Ne3 d4 25. Nf5 Be6 26. Kh2 Ng6 27. Qf3 Rad8 28. c4 Qc7 29. Rg1 Nf4 30. g5 fxg5 31. hxg5 Nxh3 32. Kxh3 g6 33. gxh6 Kh7 34. Bh4 Ne7 35. Bxe7 Rxe7 36. Rg5 Rf7 37. Rag1 gxf5 38. exf5 Rdf8 39. Rg7+ Kh8 40. R1g5 Bxf5+ 41. Kg2 Qd7 42. Qg3 Qc6+ 43. Kg1 Qf6 44. Rg4 Bxg4 45. Rxg4 Qxf2+ 46. Qxf2 Rxf2 47. Rg7 Rf1+ 48. Kg2 R1f7 49. Rg5 Rg8 0-1

[Event "Titled Tuesday intern op 16th Apr Late"]
[Site "Chess.com INT"]
[Date "2024.04.16"]
[Round "4"]
[White "Kazmaier, Daniel"]
[Black "Arabidze, Meri"]
[Result "1-0"]
[WhiteElo "2180"]
[BlackElo "2457"]
[PlyCount "93"]
[EventDate "2024.04.16"]
[EventType "swiss (blitz)"]
[EventRounds "11"]
[EventCountry "USA"]
[SourceTitle "CB17_2024"]
[SourceDate "2024.04.24"]
[SourceVersion "1"]
[SourceVersionDate "2024.04.24"]
[SourceQuality "1"]

1. d4 Nf6 2. Bg5 d5 3. Nf3 Ne4 4. Bf4 e6 5. e3 Bd6 6. Bd3 0-0 7. 0-0 c5 8. c3 Bxf4 9. exf4 Nc6 10. dxc5 Nxc5 11. Bc2 g6 12. Nbd2 b6 13. Ne5 Qc7 14. Re1 Ba6 15. Ndf3 Rad8 16. Nd4 Nxd4 17. Qxd4 Nd7 18. Ng4 h5 19. Nh6+ Kh7 20. Nxf7 Rxf7 21. Rxe6 Rg8 22. g3 Qc4 23. Qd1 Nf6 24. Qf3 Bc8 25. Bd3 Qc5 26. Re5 Bg4 27. Qg2 Qc8 28. Rae1 Kg7 29. f3 Bf5 30. Bxf5 gxf5 31. Qh3 Qc5+ 32. Kh1 Qf2 33. Qxf5 Qxf3+ 34. Kg1 Qg4 35. Qd3 Kh8 36. Qd4 Kh7 37. Qd3+ Ne4 38. Rxd5 Rxf4 39. Rd4 h4 40. Rdxe4 Rxe4 41. Qxe4+ Qxe4 42. Rxe4 hxg3 43. Rh4+ Kg6 44. Rg4+ Kf7 45. Rxg8 Kxg8 46. hxg3 Kf7 47. Kg2 1-0

[Event "Titled Tuesday intern op 02nd Apr Early"]
[Site "Chess.com INT"]
[Date "2024.04.02"]
[Round "1"]
[White "Arabidze, Meri"]
[Black "Radhakrishnan, Sharath"]
[Result "1-0"]
[WhiteElo "2457"]
[BlackElo "1963"]
[PlyCount "57"]
[EventDate "2024.04.02"]
[EventType "swiss (blitz)"]
[EventRounds "11"]
[EventCountry "USA"]
[SourceTitle "CB15_2024"]
[SourceDate "2024.04.10"]
[SourceVersion "1"]
[SourceVersionDate "2024.04.10"]
[SourceQuality "1"]

1. d4 Nf6 2. Nf3 d5 3. c4 e6 4. g3 Be7 5. Bg2 0-0 6. 0-0 dxc4 7. Qc2 a6 8. a4 Bd7 9. Rd1 Bc6 10. Nc3 Bxf3 11. Bxf3 Nc6 12. Bxc6 bxc6 13. a5 Rb8 14. Ra4 Rb4 15. Na2 Rxa4 16. Qxa4 Qd7 17. Qxc4 c5 18. Qxa6 cxd4 19. Qc4 c5 20. Bg5 Qd5 21. Qxd5 Nxd5 22. Bxe7 Nxe7 23. Rc1 Rc8 24. Rc4 Rb8 25. Rxc5 Rxb2 26. Nc1 g6 27. Kg2 Nd5 28. a6 Ra2 29. Nxa2 1-0

[Event "Titled Tuesday intern op 02nd Apr Early"]
[Site "Chess.com INT"]
[Date "2024.04.02"]
[Round "8"]
[White "Henriquez Villagra, Cristobal"]
[Black "Arabidze, Meri"]
[Result "1-0"]
[WhiteElo "2588"]
[BlackElo "2457"]
[PlyCount "65"]
[EventDate "2024.04.02"]
[EventType "swiss (blitz)"]
[EventRounds "11"]
[EventCountry "USA"]
[SourceTitle "CB15_2024"]
[SourceDate "2024.04.10"]
[SourceVersion "1"]
[SourceVersionDate "2024.04.10"]
[SourceQuality "1"]

1. e4 c5 2. Nc3 Nc6 3. g3 g6 4. Bg2 Bg7 5. d3 d6 6. f4 e6 7. Nf3 Nge7 8. 0-0 0-0 9. Be3 Nd4 10. Rb1 Rb8 11. Ne2 Nec6 12. c3 Nxf3+ 13. Rxf3 b5 14. d4 cxd4 15. cxd4 d5 16. e5 b4 17. g4 a5 18. Ng3 f6 19. Rc1 Bd7 20. f5 fxe5 21. fxe6 Be8 22. Rxf8+ Bxf8 23. dxe5 d4 24. Bf4 Qb6 25. Ne4 d3+ 26. Kh1 Nd4 27. Nf6+ Kh8 28. Qxd3 Nxe6 29. Qh3 Qa7 30. Be3 Qe7 31. Bd5 Nc7 32. Bc5 Qg7 33. Bxf8 1-0

[Event "Titled Tuesday intern op 02nd Apr Late"]
[Site "Chess.com INT"]
[Date "2024.04.02"]
[Round "9"]
[White "Ozates, Tuna"]
[Black "Arabidze, Meri"]
[Result "1-0"]
[WhiteElo "2290"]
[BlackElo "2457"]
[PlyCount "79"]
[EventDate "2024.04.02"]
[EventType "swiss (blitz)"]
[EventRounds "11"]
[EventCountry "USA"]
[SourceTitle "CB15_2024"]
[SourceDate "2024.04.10"]
[SourceVersion "1"]
[SourceVersionDate "2024.04.10"]
[SourceQuality "1"]

1. e4 c5 2. Nf3 e6 3. d4 cxd4 4. Nxd4 Nc6 5. Nc3 Qc7 6. Qd3 Nf6 7. Ndb5 Qb8 8. Qg3 d6 9. Be3 e5 10. 0-0-0 Be6 11. Nxd6+ Bxd6 12. Qxg7 Rg8 13. Qxf6 a6 14. Nd5 Bxd5 15. Rxd5 Be7 16. Qh6 Qc7 17. Qxh7 Rf8 18. a3 Rc8 19. Bd3 Nd4 20. Bxd4 exd4 21. Qf5 Rg8 22. g3 Rg6 23. h4 Rf6 24. Qg5 Rxf2 25. Qg8+ Bf8 26. Kb1 Rxc2 27. Bxc2 Qxc2+ 28. Ka1 Qxe4 29. Qg5 Qxh1+ 30. Ka2 Be7 31. Qg8+ Bf8 32. Qg5 Be7 33. Re5 Rc7 34. Qg8+ Kd7 35. Qxf7 Kd8 36. Qg8+ Kd7 37. Qe6+ Kd8 38. Rd5+ Ke8 39. Qg6+ Kf8 40. Rf5+ 1-0

[Event "Swiss Queens Wed #9"]
[Site "FIDE Online Arena INT"]
[Date "2024.03.27"]
[Round "11"]
[White "Kanyamarala, Trisha"]
[Black "Arabidze, Meri"]
[Result "0-1"]
[WhiteElo "2294"]
[BlackElo "2458"]
[PlyCount "128"]
[EventDate "2024.03.27"]
[EventType "swiss (blitz)"]
[EventRounds "11"]
[EventCountry "NET"]
[SourceTitle "CB14_2024"]
[SourceDate "2024.04.01"]
[SourceVersion "1"]
[SourceVersionDate "2024.04.01"]
[SourceQuality "1"]

1. c4 e5 2. Nc3 Nc6 3. g3 f5 4. Bg2 Nf6 5. d3 Bc5 6. e3 d6 7. Nge2 0-0 8. 0-0 a6 9. d4 Ba7 10. b3 Kh8 11. Bb2 f4 12. exf4 Nxd4 13. Nxd4 Bxd4 14. fxe5 dxe5 15. Na4 Bg4 16. Qc2 b5 17. cxb5 axb5 18. Nc5 Nd5 19. Bxd4 exd4 20. Qe4 Nf6 21. Qxa8 Qxa8 22. Bxa8 Rxa8 23. f3 Bf5 24. Rfd1 Rd8 25. Rd2 b4 26. Rad1 Rd5 27. Rxd4 Rxc5 28. Rd8+ Ng8 29. Rb8 h5 30. Rdd8 Be6 31. Rxb4 Kh7 32. Re4 Bd5 33. Re5 Nf6 34. Rb8 Rc2 35. Re3 Rxa2 36. b4 Rc2 37. b5 Kg6 38. Rc8 Rc1+ 39. Kf2 Rh1 40. Rxc7 Rxh2+ 41. Kg1 Rb2 42. Rc5 Kf5 43. Rd3 Ke5 44. Rc7 g5 45. Re7+ Kf5 46. g4+ hxg4 47. fxg4+ Kxg4 48. Re5 Rxb5 49. Rd4+ Kh5 50. Rd2 Rb1+ 51. Kf2 Ng4+ 52. Kg3 Nxe5 53. Rxd5 Ng6 54. Rd8 Rb3+ 55. Kh2 Nf4 56. Rg8 Kg4 57. Kg1 Rb1+ 58. Kf2 Rb2+ 59. Ke3 Rb3+ 60. Ke4 Rb4+ 61. Ke5 Rb5+ 62. Kf6 Nh5+ 63. Ke6 Kf3 64. Rf8+ Nf4+ 0-1

[Event "Swiss Queens Wed #8"]
[Site "FIDE Online Arena INT"]
[Date "2024.03.20"]
[Round "5"]
[White "Arabidze, Meri"]
[Black "Maltsevskaya, Aleksandra"]
[Result "1/2-1/2"]
[WhiteElo "2458"]
[BlackElo "2374"]
[PlyCount "88"]
[EventDate "2024.03.20"]
[EventType "swiss (blitz)"]
[EventRounds "11"]
[EventCountry "NET"]
[SourceTitle "CB13_2024"]
[SourceDate "2024.03.27"]
[SourceVersion "1"]
[SourceVersionDate "2024.03.27"]
[SourceQuality "1"]

1. Nf3 Nf6 2. g3 g6 3. b3 Bg7 4. Bb2 0-0 5. Bg2 d6 6. d4 Nbd7 7. 0-0 e5 8. dxe5 Ng4 9. Qc1 Ngxe5 10. c4 a5 11. Nc3 Re8 12. Qc2 Nxf3+ 13. Bxf3 Nc5 14. Rad1 Bf5 15. Qd2 a4 16. b4 a3 17. Ba1 Nd7 18. Bxb7 Rb8 19. Bd5 Rxb4 20. Nb5 Rb2 21. Bxb2 axb2 22. e3 Ne5 23. Nd4 b1Q 24. Rxb1 Bxb1 25. Rxb1 Qd7 26. Qc2 Qg4 27. Bg2 h5 28. h3 Qc8 29. h4 Qa6 30. a4 c6 31. Bf1 c5 32. Nb5 Ra8 33. Nc3 Nf3+ 34. Kg2 Qc6 35. Qe4 Qxe4 36. Nxe4 Ne5 37. Nxd6 Rxa4 38. Rb8+ Kh7 39. Rb7 Ra2 40. Nxf7 Ng4 41. Ng5+ Kh6 42. Nf7+ Kh7 43. Ng5+ Kh6 44. Nf7+ Kh7 1/2-1/2

[Event "Swiss Queens Wed #8"]
[Site "FIDE Online Arena INT"]
[Date "2024.03.20"]
[Round "1"]
[White "Arabidze, Meri"]
[Black "Tripurambika, V."]
[Result "1-0"]
[WhiteElo "2458"]
[BlackElo "1626"]
[PlyCount "125"]
[EventDate "2024.03.20"]
[EventType "swiss (blitz)"]
[EventRounds "11"]
[EventCountry "NET"]
[SourceTitle "CB13_2024"]
[SourceDate "2024.03.27"]
[SourceVersion "1"]
[SourceVersionDate "2024.03.27"]
[SourceQuality "1"]

1. Nf3 d5 2. b3 e6 3. Bb2 Nf6 4. g3 c5 5. c4 Nc6 6. cxd5 exd5 7. Bg2 Be6 8. 0-0 Be7 9. d4 0-0 10. Nc3 b6 11. e3 cxd4 12. Nxd4 Nxd4 13. Qxd4 Bc5 14. Qh4 Be7 15. Qa4 Bd7 16. Qd4 Be6 17. Rfd1 Bc5 18. Qh4 Be7 19. Qa4 Bd7 20. Qd4 Be6 21. Rac1 Bc5 22. Qh4 Be7 23. Qa4 Bd7 24. Qd4 Be6 25. Ne2 Bc5 26. Qd2 Qe7 27. Nf4 Rad8 28. h3 h6 29. Bd4 Bb4 30. Qb2 Ba3 31. Bxf6 gxf6 32. Qa1 Bxc1 33. Rxc1 Rc8 34. Rd1 Rfd8 35. Nh5 d4 36. Rxd4 Qc5 37. Rxd8+ Rxd8 38. Nxf6+ Kf8 39. Ne4 Qd5 40. Qh8+ Ke7 41. Qxh6 Qd1+ 42. Kh2 Rg8 43. Qf6+ Kd7 44. Qe5 Qd3 45. Nf6+ Ke7 46. Nxg8+ Kf8 47. Nf6 Ke7 48. Nd5+ Kd7 49. Nf4 Qd2 50. Nxe6 fxe6 51. Qg7+ Kd6 52. Qf8+ Kc7 53. h4 Qxa2 54. h5 Qxb3 55. h6 Qd3 56. Qf7+ Kd6 57. h7 a5 58. h8Q a4 59. Qd8+ Kc5 60. Qxd3 a3 61. Qc7+ Kb4 62. Qxb6+ Ka4 63. Qbb5# 1-0

[Event "Swiss Queens Wed #8"]
[Site "FIDE Online Arena INT"]
[Date "2024.03.20"]
[Round "9"]
[White "Kanyamarala, Trisha"]
[Black "Arabidze, Meri"]
[Result "0-1"]
[WhiteElo "2294"]
[BlackElo "2458"]
[PlyCount "78"]
[EventDate "2024.03.20"]
[EventType "swiss (blitz)"]
[EventRounds "11"]
[EventCountry "NET"]
[SourceTitle "CB13_2024"]
[SourceDate "2024.03.27"]
[SourceVersion "1"]
[SourceVersionDate "2024.03.27"]
[SourceQuality "1"]

1. c4 e6 2. Nc3 d5 3. cxd5 exd5 4. d4 c6 5. Bf4 Bd6 6. Bg3 Nf6 7. e3 Bf5 8. Bd3 Bxd3 9. Qxd3 0-0 10. Nge2 Na6 11. 0-0 Nc7 12. h3 Ne6 13. f4 Re8 14. Kh1 c5 15. Rae1 c4 16. Qc2 a6 17. e4 dxe4 18. Ng1 Nxd4 19. Qb1 Nf5 20. Bh2 Bb4 21. Rd1 Qa5 22. Qc1 e3 23. Nge2 h6 24. g4 Nd6 25. a3 Bxc3 26. Qxc3 Qxc3 27. bxc3 Nde4 28. Rd4 b5 29. Kg2 Rad8 30. f5 Rxd4 31. cxd4 c3 32. Rc1 Nd5 33. Bg1 a5 34. Kf3 b4 35. axb4 axb4 36. Bxe3 Nxe3 37. Kxe3 Ng3+ 38. Kf3 Nxe2 39. d5 Nxc1 0-1

[Event "Swiss Queens Wed #7"]
[Site "FIDE Online Arena INT"]
[Date "2024.03.13"]
[Round "2"]
[White "Arabidze, Meri"]
[Black "Mahdian, Anousha"]
[Result "1-0"]
[WhiteElo "2458"]
[BlackElo "2069"]
[PlyCount "141"]
[EventDate "2024.03.13"]
[EventType "swiss (blitz)"]
[EventRounds "11"]
[EventCountry "NET"]
[SourceTitle "CB12_2024"]
[SourceDate "2023.10.01"]
[SourceVersion "1"]
[SourceVersionDate "2023.10.01"]
[SourceQuality "1"]

1. d4 d5 2. c4 e6 3. Nc3 Nf6 4. cxd5 exd5 5. Bg5 c6 6. e3 h6 7. Bh4 Be7 8. Bd3 0-0 9. Qc2 Re8 10. Nf3 Ne4 11. Bxe7 Qxe7 12. 0-0 Bf5 13. Rae1 Nd7 14. Nd2 Nxd2 15. Qxd2 Bxd3 16. Qxd3 Nf6 17. f3 Rad8 18. a3 c5 19. dxc5 Qxc5 20. Qd4 b6 21. Re2 Qxd4 22. exd4 Rxe2 23. Nxe2 Ne8 24. Nc3 Nd6 25. a4 Nf5 26. Rd1 Ne3 27. Rd3 Nc4 28. b3 Na5 29. b4 Nc6 30. b5 Ne7 31. Kf2 Rc8 32. g4 Rc4 33. Ke3 f5 34. Kf4 fxg4 35. fxg4 Kf7 36. Ke5 Ke8 37. Kd6 Kd8 38. h3 g5 39. Re3 Rc7 40. Ke6 Rc4 41. Rd3 Ke8 42. Nxd5 Nxd5 43. Kxd5 Rxa4 44. Kc6 Ra1 45. d5 Kd8 46. d6 a6 47. Kxb6 axb5 48. Kxb5 Kd7 49. Kc5 Rf1 50. Ra3 Rc1+ 51. Kd5 Rd1+ 52. Ke5 Re1+ 53. Kf5 Rd1 54. Ra7+ Kc6 55. Ra6+ Kd7 56. Kg6 Rd3 57. Kxh6 Rxh3+ 58. Kxg5 Rd3 59. Kg6 Rd5 60. g5 Rd1 61. Kg7 Ke8 62. g6 Rg1 63. Ra7 Rd1 64. d7+ Kd8 65. Kg8 Rg1 66. g7 Rg2 67. Ra3 Kxd7 68. Rh3 Ke7 69. Kh7 Kf7 70. Rf3+ Ke8 71. g8Q+ 1-0